| 000 | 00735nam1a22002171i 4500 | ||
|---|---|---|---|
| 001 | rc\2669293 | ||
| 005 | 20240726054139.0 | ||
| 035 | _a(NLR Aleph) 006975640 | ||
| 090 |
_a5483745 _c5483745 |
||
| 100 | _a20110620d1928 |||y0rusy50 ca | ||
| 101 | 0 | _arus | |
| 102 | _aRU | ||
| 105 | _a z ||||| | ||
| 200 | 1 |
_aСонорная длительность татарских гласных ... _fГалимджан Шараф |
|
| 210 |
_aКазань _cБ. и. _d1928 _gтип. "Красный печатник" Татполиграфа |
||
| 215 | _d26х17 см | ||
| 700 | 1 |
_aШараф _bГ.Ш. _f1896- _gГалимджан Шарафович |
|
| 801 | 0 |
_aRU _bNLR _gpsbo |
|
| 801 | 1 |
_aRU _bELAR _2rusmarc |
|
| 852 |
_aNLR _j68/204 |
||
| 942 | _cBOOK | ||